Nhà văn và tác phẩm

में बचाया:
ग्रंथसूची विवरण
स्वरूप: पुस्तक
भाषा:Undetermined
प्रकाशित: Hà Nội Hội Nhà văn Việt Nam 2019
विषय:
टैग : टैग जोड़ें
कोई टैग नहीं, इस रिकॉर्ड को टैग करने वाले पहले व्यक्ति बनें!
Thư viện lưu trữ: Trung tâm Học liệu Trường Đại học Cần Thơ
LEADER 00486nam a2200169Ia 4500
001 CTU_233883
008 210402s9999 xx 000 0 und d
082 |a 800 
082 |b Nh100 
245 0 |a Nhà văn và tác phẩm 
245 0 |c Hội Nhà văn Việt Nam 
260 |a Hà Nội 
260 |b Hội Nhà văn Việt Nam 
260 |c 2019 
650 |a Literature,Văn học 
904 |i T.Trang 
980 |a Trung tâm Học liệu Trường Đại học Cần Thơ